Las escuelas de trabajo social en América Latina / (Record no. 110883)

MARC details
000 -CABECERA
campo de control de longitud fija 00564nam a2200193 a 4500
005 - FECHA Y HORA DE LA ÚLTIMA TRANSACCIÓN
campo de control 20220811063951.0
008 - ELEMENTOS DE LONGITUD FIJA--INFORMACIÓN GENERAL
campo de control de longitud fija 050215s1982 000 eng d
020 ## - NÚMERO INTERNACIONAL NORMALIZADO PARA LIBROS
Número Internacional Estándar del Libro 9500820730
035 ## - NÚMERO DE CONTROL DEL SISTEMA
Número de control de sistema UPN01000138735
049 ## - COLECCIÓN
Colección CG
050 #4 - SIGNATURA TOPOGRÁFICA DE LA BIBLIOTECA DEL CONGRESO
Número de clasificación HV40
Número de documento/Ítem A4.5
100 1# - ASIENTO PRINCIPAL--NOMBRE PERSONAL
Nombre de persona Alayón, Norberto Ricardo,
Fechas asociadas al nombre 1945-
9 (RLIN) 30351
245 14 - MENCIÓN DE TÍTULO
Título Las escuelas de trabajo social en América Latina /
Mención de responsabilidad, etc. Norberto Alayón.
260 ## - PUBLICACIÓN, DISTRIBUCIÓN, ETC.
Lugar de publicación, distribución, etc. Buenos Aires :
Nombre del editor, distribuidor, etc. Hvmanitas,
Fecha de publicación, distribución, etc. 1982.
300 ## - DESCRIPCIÓN FÍSICA
Extensión 126 p. :
Otras características físicas cuadros
440 #0 - MENCIÓN DE SERIE/ASIENTO SECUNDARIO--TÍTULO
Título Desarrollo social
650 #4 - ASIENTO SECUNDARIO DE MATERIA - TERMINO TEMATICO
Término de materia o nombre geográfico como elemento de entrada Trabajo social
9 (RLIN) 6125
905 ## - TIPO DE MATERIAL
Tipo de material Libro
Holdings
Estado de retiro Estado de pérdida Fuente del sistema de clasificación o colocación Estado dañado No para préstamo Código de colección Localización permanente Ubicación/localización actual Ubicación en estantería Total de préstamos Clasificación Código de barras Fecha visto por última vez Número de copia Tipo de ítem Koha
    Library of Congress Classification     Colección General Bib. Gregorio Torres Quintero Bib. Gregorio Torres Quintero Planta baja 1 HV40 A4.5 226514 31/12/2020 1 Libro